| 000 | 00842nam a2200301Ia 4500 | ||
|---|---|---|---|
| 003 | OSt | ||
| 005 | 20220912144528.0 | ||
| 006 | a|||||r|||| 00| 0 | ||
| 007 | ta | ||
| 008 | 220909b |||||||| |||| 00| 0 eng d | ||
| 020 | _a9788177583861 (pbk) | ||
| 020 | _aSL01378628 | ||
| 024 | _a190697 | ||
| 037 | _cTextual | ||
| 040 |
_aCSL _beng _cCSL |
||
| 041 | _aeng | ||
| 082 | _aX:8:(S:44), N9;P6 | ||
| 100 | _aPetersen Craig H; Lewis W Cris; Jain Sudhir K | ||
| 245 | 0 | _aManagerial economics | |
| 250 | _a4 | ||
| 260 |
_aNew Delhi _b Pearson _c2006 |
||
| 300 | _axv, 622p. | ||
| 500 | _aIndex 619- 622p | ||
| 650 | _aEconomics | ||
| 700 | _aPetersen Craig H; Lewis W Cris; Jain Sudhir K | ||
| 942 |
_hX:8:(S:44), N9;P6 _cTEXL _2CC |
||
| 999 |
_c11118 _d11118 |
||